Statistics for Match the footballer to his country - Click Quiz - Part 2

Click here to take the quiz!

General Stats

  • This quiz has been taken 39 times
  • The average score is 27 of 40

Answer Stats

HintAnswer% Correct
Riyad MahrezAlgeria
89%
Ivan RakiticCroatia
82%
Oleksandr ZinchenkoUkraine
82%
Miroslav KloseGermany
79%
Ji-Sung ParkSouth Korea
79%
Keylor NavasCosta Rica
75%
Roy KeaneIreland
75%
Hiroki SakaiJapan
75%
Ruud GullitNetherlands
75%
Edinson CavaniUruguay
75%
Edin DzekoBosnia-and-Herzegovina
71%
David LuizBrazil
71%
Arturo VidalChile
71%
Pierre-Emerick AubameyangGabon
71%
Martin OdegaardNorway
71%
Rui CostaPortugal
71%
Juan MataSpain
71%
Granit XhakaSwitzeland
71%
Tim HowardUnited States
71%
Alphonso DaviesCanada
68%
Juan CuadradoColombia
68%
Wilfried ZahaIvory Coast
68%
George WeahLiberia
68%
Achraf HakimiMorocco
68%
Burak YilmazTurkey
68%
Tim CahillAustralia
64%
Eric Choupo-MotingCameroon
64%
Michael LaudrupDenmark
64%
Claude MakeleleFrance
64%
Guillermo OchoaMexico
64%
Emil ForsbergSweden
64%
Mauro IcardiArgentina
61%
Patrik SchickCzech republic
61%
Kevin KeeganEngland
61%
Zbigniew BoniekPoland
61%
Gheorghe HagiRomania
61%
Abedi PeléGhana
57%
Mehdi TaremiIran
50%
Moise KeanItaly
50%
Michel Preud'hommeBelgium
46%

Score Distribution

Percentile by Number Answered

Percent of People with Each Score

Your Score History

You have not taken this quiz